| 000 | 00650nam a2200217 a 4500 | ||
|---|---|---|---|
| 005 | 20240913063947.0 | ||
| 008 | 060502s1998 mx r 000 0 spa d | ||
| 020 | _a8426411649 | ||
| 035 | _aUPN01000144095 | ||
| 049 | _aCG | ||
| 050 | 4 |
_aPQ4813 C6 _bE8.7 1998 |
|
| 100 | 1 |
_aEco, Umberto, _d1932-2016 _930161 |
|
| 245 | 1 | 3 |
_aLa estrategia de la ilusión / _cUmberto Eco ; tr. Edgardo Oviedo. |
| 250 | _a3a ed. | ||
| 260 |
_aBarcelona, Esp. : _bLumen, _c1998. |
||
| 300 | _a288 p. | ||
| 440 | 0 |
_aPalabra en el tiempo ; _v164. _pEnsayo |
|
| 534 |
_pTítulo original: _tSemiologia cotidiana |
||
| 650 | 4 |
_aENSAYOS ITALIANOS _912020 |
|
| 905 | _aLibro | ||
| 999 |
_c116242 _d116242 |
||